MDQL
is popping MORE tags! Check the
thread
!
Quizzes
Events
Quiz Creation
Community
Videos
Private Events
Remove Ads
Sign In
Join for FREE
Feedback
Dark Mode
Quiz Categories
Sports
Geography
Music
Movies
Television
Just For Fun
Miscellaneous
History
Literature
Language
Science
Gaming
Entertainment
Religion
Holiday
For Kids
Quiz Lab
Recent
Popular Today
Quiz Kudos Today
Editor Picks
Curator Picks
Quizzes by...
Day
Popularity
Type
Ratings
Length
Year
Community
Subscriptions
Recent Discussions
Orange Saloon
Badges
Playlists
Quests
Create
Leaderboards
Showdown
Live 5
Trivia Bingo
Activity
Puzzle Library
Sporcle Events
Private Events
Virtual Trivia
Globe League
Become a Host
Pub Owners
SporcleCon
Opinionation
Our Games
Videos
Blog
Mobile Apps
Partnerships
Remove Ads and Go Orange
Feedback
Sports
Athletes
MLB
NBA
NHL
NFL
Soccer
Sports Teams
WWE
NCAA
Football
Premier League
Basketball
Baseball
Hockey
Golf
Tennis
Cricket
Rugby
Auto Racing
Olympics
World Cup
Sports
Athletes
MLB
NBA
NHL
NFL
Soccer
Sports Teams
WWE
NCAA
Football
Premier League
Basketball
Baseball
Hockey
Golf
Tennis
Cricket
Rugby
Auto Racing
Olympics
World Cup
Random Quiz
Search Sporcle
×
Quiz Lab
Quiz Lab
Sports
Football
Type in answers that appear in a list
Type in answers that appear in a list
Classic
Best Score? Go Orange.
Michigan Football 2009-2010 Roster Stats
Can you name the players on the Michigan Football 2009-2010 Roster?
By
Dave110
12m
121 Questions
425 Plays
425 Plays
425 Plays
Comments
Comments
Give Quiz Kudos
Give Quiz Kudos
-
- Ratings
hide this ad
Replay
Link that replays current quiz
Next Quiz
Link to next quiz in quiz playlist
You Got
0%
They Got
Avg Score
33%
Avg Friend Score
Upgrade to see
Score Distribution
Jump to the score distribution portion of the page
Score
0/121
Timer
12:00
0
Plays Today
Position
Name
% Correct
Quarterback
Denard Robinson
94.8%
Quarterback
Tate Forcier
93.2%
Slot Receiver
Terrance Robinson
92%
Runningback
Vincent Smith
74.1%
Quarterback
Nick Sheridan
73.4%
Runningback
Brandon Minor
73.2%
Linebacker
Brandon Smith
72.5%
Runningback
Carlos Brown
69.4%
Linebacker
Stevie Brown
68.5%
Runningback
Michael Shaw
66.1%
Defensive End
Brandon Graham
66.1%
Wide Receiver
Roy Roundtree
64.9%
Slot Receiver
Martavious Odoms
62.6%
Wide Receiver
Junior Hemingway
61.9%
Fullback
Kevin Grady
60.9%
Quarterback
David Cone
60.7%
Slot Receiver
Kelvin Grady
60.7%
Tight End
Kevin Koger
60.5%
Punter
Zoltan Mesko
59.5%
Offensive Line
Dave Molk
59.1%
Quick End
Craig Roh
57.9%
Wide Receiver
Greg Matthews
57.2%
Defensive Tackle
Mike Martin
56.2%
Wide Receiver
Daryl Stonum
55.1%
Runningback
Michael Cox
51.3%
Offensive Line
Taylor Lewan
50.4%
Offensive Line
Stephen Schilling
50.1%
Cornerback
Donovan Warren
48%
Linebacker
Obi Ezeh
47.5%
Fullback
Mark Moundros
46.8%
Tight End
Martell Webb
46.6%
Linebacker
Jonas Mouton
44.9%
Defensive Tackle
William Campbell
44.5%
Safety
Troy Woolfolk
43.3%
Cornerback
J.T. Floyd
43.1%
Safety
Jordan Kovacs
41.9%
Quarterback
Jack Kennedy
40.5%
Safety
Michael Williams
40.5%
Offensive Line
David Moosman
39.8%
Cornerback
Teric Jones
39.5%
Wide Receiver
LaTeryal Savoy
39.1%
Position
Name
% Correct
Linebacker
Mike Jones
39.1%
Slot Receiver
Jeremy Gallon
38.1%
Offensive Line
Patrick Omameh
37.4%
Offensive Line
Mark Huyge
36.9%
Cornerback
Justin Turner
36.5%
Safety
Thomas Gordon
36.2%
Kicker
Brendan Gibbons
36.2%
Wide Receiver
Cameron Gordon
35.8%
Wide Receiver
Je'Ron Stokes
34.4%
Tight End
Brandon Moore
33.9%
Offensive Line
Perry Dorrestein
32.5%
Linebacker
J.B. Fitzgerald
32.2%
Linebacker
Kenny Demens
32.2%
Cornerback
Zac Johnson
31.3%
Defensive Tackle
Greg Banks
31.1%
Runningback
Fitzgerald Touissant
29.6%
Offensive Line
Mark Ortmann
28.9%
Kicker
Jason Olesnavage
28.9%
Offensive Line
Quinton Washington
28.7%
Quarterback
Nader Furrha
28.2%
Linebacker
Rushdi Furrha
27.8%
Offensive Line
Michael Schofield
27.5%
Safety
Vladimir Emilien
27.3%
Wide Receiver
James Rogers
26.8%
Offensive Line
Elliott Mealer
26.6%
Offensive Line
Ricky Barnum
25.9%
Defensive Tackle
Ryan Van Bergen
24.9%
Defensive End
Adam Patterson
24.7%
Linebacker
Kevin Leach
22.8%
Linebacker
Brandin Hawthorne
22.6%
Defensive End
Anthony LaLota
22.4%
Defensive Tackle
Renaldo Sagesse
22.1%
Kicker
Bryan Wright
21.9%
Offensive Line
John Ferrara
21.6%
Quick End
Brandon Herron
21.6%
Offensive Line
Rocko Khoury
20.9%
Long Snapper
George Morales
19.5%
Offensive Line
Tim McAvoy
19.1%
Offensive Line
Zac Ciullo
17.9%
Linebacker
Isaiah Bell
17.9%
Defensive End
Tim North
16.9%
Position
Name
% Correct
Fullback
John McColgan
16.7%
Slot Receiver
Ricky Reyes
16.7%
Offensive Line
Bryant Nowicki
16.7%
Wide Receiver
Jon Conover
16%
Safety
Jordan Reilly
15.8%
Cornerback
Tony Anderson
15.5%
Runningback
O'Neil Swanson
15.3%
Long Snapper
Tom Pomarico
15.3%
Quick End
Steve Watson
15.1%
Defensive End
Will Heininger
14.8%
Safety
Floyd Simmons
14.1%
Wide Receiver
Zac Baker
13.6%
Kicker
Seth Broekhuizen
13.6%
Offensive Line
Jareth Glanda
13.4%
Defensive Tackle
Dominique Ware
13.2%
Wide Receiver
Joe Reynolds
12.9%
Offensive Line
Erik Gunderson
12.9%
Runningback
Benjamin Sutton
12.5%
Linebacker
Paul Gyarmati
12.5%
Punter
Chris Berry
12.5%
Offensive Line
Adam Barker
12.2%
Safety
Karl Tech
12.2%
Safety
Matt Cavanaugh
11.8%
Tight End
Jon Bills
11.5%
Wide Receiver
Patrick Collins
11.3%
Offensive Line
Christian Brandt
11.1%
Long Snapper
Curt Graman
10.8%
Kicker
Scott Schrimscher
10.4%
Fullback
Johnny Childers
10.1%
Slot Receiver
Doug Rogan
9.6%
Slot Receiver
Jordan Owens
9.2%
Offensive Line
Tom Lindley
8.9%
Defensive End
Nathan Brink
8.9%
Safety
Jared Van Slyke
8.9%
Kicker
Kris Pauloski
8.9%
Linebacker
Ohene Opong-Owusu
8%
Cornerback
Al Backey
8%
Slot Receiver
Nick Koeningsknecht
7.8%
Quick End
Mike Therman
6.8%
Quiz Playlist
Details
Report
Send in Message
Add To Playlist
Classic:
Type in answers that appear in a list
Last Updated: Feb 16, 2017
Quiz Scoreboard
CHALLENGE
Sign Up to Join the Scoreboard
Show All
Scores
Hide
Comments
May contain spoilers
Recently Published
Image Sorting: Flags VI
by Barbecue
Geography
2m
Find the 'City' Movie
by crazypaving
Movies
60s
5x2 Blitz: Bands
by SL_Kpop136
Music
30s
More to Explore
Quiz From the Vault
Featured Blog Post
14 Easter Pick-up Lines to Find Eggs With
hide this ad
You Might Also Like...
Tags
Football Quiz
2009-2010
michigan
NCAA Football
Player
Roster
Today's Top Quizzes in Sports
Browse Sports
hide this ad
Today's Top Quizzes in Football
Browse Football
Top Contributed Quizzes in Sports
1
Les meilleurs buteurs des matchs entre le PSG et l’OM
2
Les entraîneurs de l'OM et du PSG au 21e siècle
3
Les joueurs passés par le PSG et l'OM
4
2022 World Cup Stars
5
Players with Multiple 50 Home Run Seasons
6
Criteria MLB: Left Handed Sluggers
7
MLB Players with Two .350 Batting Average Seasons
8
Les joueurs passés par le LOSC et le RC Lens
9
NBA Logic Puzzle 2.0
10
Top 10 NHL Goal Scorers of All Time
Explore More
Trending Topics
Marvel
Disney
NBA
Harry Potter
Anime
Crossword
Kpop
Pokémon
NFL
Soccer
Song
Puzzle
WWE
The Office
Country
hide this ad
More By:
Dave110
Quiz
Plays
Rating
Category
Featured
Created
Michigan NFL Draft Picks in the 2000's
930
5.00
Sports
Jan 25, 2010
Michigan Football 2009-2010 Roster
425
5.00
Sports
Jan 4, 2010
MUSE Songs
400
4.00
Music
Dec 29, 2009
The Bars of Athens, OH
155
5.00
Just For Fun
Mar 16, 2010
Michigan Football 2010-11 Roster
124
Sports
Nov 19, 2010
Go to Creator's Profile
Score Distribution
Quiz Creator Spotlight
Dave110
Follow
Send a Message
Quizzes Created
-
Created Quiz Play Count
-
More By This Creator
Popular Quizzes Today
1
Colored Red Africa Blitz
2
Find the US States - No Outlines Minefield
3
Find the 'City' Movie
4
5x2 Blitz: Bands
5
The Countries of the World
6
Find the US States
7
Find the Countries of Europe - No Outlines Minefield
8
US States
More Sports Quizzes
Kobe Hugs
Published
Trending Quizzes
Colored Red Europe Blitz I
Colored Red Europe Blitz II
Colored Red Africa Blitz II
Colored Red Europe Blitz III
Colored Red Africa Blitz III
Recently Updated
How Do You Spell That?
pecheneg
Godzilla Movies
pecheneg
Grab Bag: 4-10 Letters
pecheneg
2024 March Madness Bracket
pecheneg
Famous TV Couples
Peacemaker
Champions League XIs: Real Madrid
pecheneg
Largest US Cities 1790-2010
pecheneg
Rides in Walt Disney World
pecheneg
Most Oscar Losses (Acting)
pecheneg
Beyoncé Albums
pecheneg
Trending Topics
Kpop
Marvel
Disney
Crossword
Harry Potter
Anime
NBA
WWE
Song
Pokémon
Soccer
The Office
Puzzle
Country
NFL
Your Account Isn't Verified!
In order to create a playlist on Sporcle, you need to verify the email address you used during registration. Go to your
Sporcle Settings
to finish the process.
Report this User
Report this user for behavior that violates our
Community Guidelines
.
Details:
Send Report
Go to the Sporcle.com Mobile Site →
Comments